[Event "2nd Kalyan Dombivali 2019"]
[Site "Kalyan"]
[Date "2019.02.02"]
[Round "8"]
[White "Snehal, Bhosale"]
[Black "Vijay, Anand M."]
[Result "1-0"]
[WhiteElo "2135"]
[BlackElo "1841"]
[Annotator "TA"]
[PlyCount "161"]
[EventDate "2019.01.28"]
[EventType "swiss"]
[EventRounds "10"]
[EventCountry "IND"]
[SourceTitle "playchess.com"]
[Source "ChessBase"]
[SourceQuality "1"]

{[%evp 13,161,11,10,5,38,39,44,39,56,20,52,31,37,37,38,36,38,38,38,38,38,11,12,4,45,16,62,48,89,78,74,75,59,58,61,17,20,12,9,0,0,0,0,0,0,0,0,0,0,0,0,0,20,0,49,20,20,20,63,0,0,0,0,0,0,0,0,0,0,0,13,0,0,0,0,0,0,0,0,0,0,0,0,0,0,0,0,0,58,60,60,35,146,102,229,167,323,306,272,75,75,75,75,75,73,75,75,75,75,75,75,73,73,63,63,63,63,63,63,63,63,63,63,63,63,63,73,63,63,0,63,63,73,73,73,70,75,75,81,81,81,82,29981,29982,29982,29983,29983,29984,29984,29985]} 1. d4 Nf6 2. Nf3 e6 3. Bg5 c5 4. e3 Qb6 5. Qc1 Ne4 $146 ({Predecessor:} 5... Nc6 6. c3 Ne4 {½-½ (40) Salov,V (2525)-Larsen,B (2575) Reykjavik 1986}) 6. Bf4 Nc6 7. c3 d5 ({Predecessor:} 7... Be7 8. Nbd2 Nxd2 9. Qxd2 {½-½ (40) Salov,V (2525)-Larsen,B (2575) Reykjavik 1986}) 8. Nbd2 {D03: 1 d4 d5 2 Nf3 Nf6 3 Bg5, including Torre Attack with early ...d5} Nxd2 9. Qxd2 Be7 10. Bd3 {White is slightly better.} Bd7 11. Rd1 ({Predecessor:} 11. O-O Rc8 12. Qe2 O-O 13. Rab1 a6 14. Rfd1 {½-½ (40) Salov,V (2525)-Larsen,B (2575) Reykjavik 1986}) 11... a5 12. Bb1 cxd4 13. exd4 a4 14. O-O Na5 15. Ne5 Nc4 16. Nxc4 dxc4 17. a3 Bc6 18. Rfe1 O-O-O 19. Re2 Qb5 20. Rde1 Bd6 21. Bxd6 Rxd6 22. Qf4 Rd7 23. h3 h6 24. Qe5 Qxe5 25. Rxe5 ({Much worse is} 25. dxe5 b5 $15) 25... Rd5 26. Ba2 Rxe5 27. Rxe5 $11 {[%mdl 4096] Endgame KRB-KRB} Bd5 28. Bb1 Kc7 29. Bc2 Ra8 30. f4 Ra5 31. Re2 Kd6 32. Kf2 f6 33. g4 b5 34. Bg6 Ra8 35. f5 Rd8 36. Ke3 ({White should try} 36. Bf7 $14) 36... e5 37. dxe5+ Kxe5 38. Rd2 Rb8 39. Kf2 Rd8 40. Kg3 Rb8 41. Kh4 Rh8 42. Kh5 {Black must now prevent Re2+.} Rf8 43. Re2+ Kd6 44. Re8 Rf7 $1 45. Rd8+ Rd7 46. Rb8 Re7 $1 47. Rxb5 Re3 {[%cal Re3h3]} 48. Bh7 Bf7+ 49. Kh4 Bd5 50. Rb8 Bg2 ({Black should play} 50... Ke7 $11) 51. Kh5 $14 Bxh3 52. Rd8+ Kc5 (52... Ke5 $1 $14) 53. Rd4 Bf1 (53... Re2 $16) 54. Bg8 Re8 $2 (54... Rg3 {might work better.}) 55. Be6 Bd3 {[#]} 56. Rd7 $2 (56. Rd5+ $1 $18 {and the rest is easy.} Kc6 57. Ra5) 56... g6+ $16 57. Kxh6 gxf5 58. gxf5 {Strongly threatening Rb7.} Rb8 59. Kg7 Rxb2 60. Kxf6 {Threatens to win with Ke7.} Rb3 61. Ke5 {Hoping for f6.} Bxf5 62. Bxf5 {Rc7+ is the strong threat.} Rxc3 {KRB-KR} 63. Be4 Rxa3 64. Rc7+ Kb4 65. Kd4 {Intending Rb7+ and mate.} Rh3 66. Rb7+ Ka3 67. Kxc4 Rh4 68. Kd3 Rh3+ 69. Kc2 Ka2 70. Bd5+ (70. Bd3 {seems wilder.} Rh1 71. Kc3 Ka3 72. Rf7 Rb1 73. Rh7) 70... Ka3 71. Be4 (71. Bc6 $14) 71... Rg3 (71... Ka2 $1 $11) 72. Bd3 Rg4 73. Kc3 Rg1 74. Rh7 Re1 75. Rh4 Rg1 76. Bc2 {[%csl Gc2][%cal Rh4a4]} Rg3+ 77. Kd2 Rg2+ $2 {[%mdl 8192] [#]} (77... Rg5 $16) 78. Kc1 $1 {[%csl Gc2][%cal Rh4a4] White mates.} Rg1+ 79. Bd1 Rxd1+ 80. Kxd1 Kb3 81. Kc1 {Accuracy: White = 60%, Black = 51%.} 1-0

[Event "2nd Kalyan Dombivali 2019"]
[Site "Kalyan"]
[Date "2019.02.02"]
[Round "8"]
[White "Satkar, Chirag"]
[Black "Kamble Dipankar"]
[Result "*"]
[WhiteElo "2071"]
[BlackElo "1487"]
[Annotator "NA RC"]
[PlyCount "67"]
[EventDate "2019.01.28"]
[EventType "swiss"]
[EventRounds "10"]
[EventCountry "IND"]
[SourceTitle "playchess.com"]
[Source "ChessBase"]
[SourceQuality "1"]
[TimeControl "5400+30"]

{[%evp 9,67,27,37,49,32,30,31,32767,38,40,29,10,31,10,55,48,32767,42,60,-10,0,-5,2,-13,23,27,42,25,25,22,33,43,41,34,64,41,52,49,56,42,37,49,57,53,32767,35,99,102,127,125,133,122,139,139,233,247,277,270,248,258]} 1. d4 {[%emt 0:09:32]} Nf6 {[%emt 0:00:48]} 2. c4 {[%emt 0:00:06]} e5 {[%emt 0:00:11]} 3. dxe5 {[%emt 0:00:11]} Ng4 {[%emt 0:00:18]} 4. Nf3 {[%emt 0:00:13]} Bc5 {[%emt 0:00:59]} 5. e3 {[%emt 0:00:36]} Nc6 {[%emt 0:00:07]} 6. Nc3 {[%emt 0:00:35]} (6. Be2 O-O 7. O-O Ngxe5 8. Nc3 Nxf3+ 9. Bxf3 Ne5 10. Be2 {1-0 (55) Giri,A (2782)-Mamedyarov,S (2801) chess.com INT 2018}) 6... O-O {[%emt 0:01:41]} 7. Be2 {[%emt 0:01:01]} Re8 $146 {[%emt 0:05:12]} ({Predecessor:} 7... Ngxe5 8. Nxe5 Nxe5 {0-1 (29) Colom Andres,X (1941)-Barbero Sendic,A (2343) Barcelona 2012}) 8. O-O {[%emt 0:01:17]} Ngxe5 {[%emt 0:00:05] LiveBook: 80 Games} 9. Nxe5 {[%emt 0:00:33]} Nxe5 {[%emt 0:01:35]} 10. b3 {[%emt 0:02:04]} a5 {[%emt 0:01:08]} 11. Na4 {[%emt 0:01:36]} Bf8 {[%emt 0:03:44] A52: Budapest Gambit} 12. f4 {[%emt 0:05:04]} (12. Bb2 d6 13. Nc3 c6 14. Qd2 Qh4 15. f4 Ng4 16. Bxg4 Bxg4 17. e4 a4 18. Rae1 axb3 19. axb3 {1-0 (55) Giri,A (2782)-Mamedyarov,S (2801) chess.com INT 2018}) 12... Nc6 {[%emt 0:03:51]} 13. a3 {[%emt 0:02:07]} d6 {[%emt 0:14:06]} 14. Qc2 {[%emt 0:19:24]} ({White should try} 14. Bf3 $14) ({Predecessor:} 14. Qd3 Qf6 15. Nc3 Bf5 16. Nd5 Qxa1 17. Qxf5 Ne7 18. Qc2 Nxd5 19. cxd5 {0-1 (29) Colom Andres,X (1941)-Barbero Sendic,A (2343) Barcelona 2012}) 14... g6 {[%emt 0:03:05]} 15. Bd3 {[%emt 0:01:35]} Bg7 {[%emt 0:00:35]} 16. Nc3 {[%emt 0:00:49]} f5 {[%emt 0:24:39]} 17. Bd2 {[%emt 0:01:56]} Be6 {[%emt 0:05:15]} 18. Rad1 {[%emt 0:01:32]} Qd7 {[%emt 0:05:42]} 19. Bc1 {[%emt 0:04:45]} Ne7 {[%emt 0:02:04]} 20. Be2 {[%emt 0:04:29]} Kh8 {[%emt 0:05:17]} 21. Bf3 {[%emt 0:01:57]} c6 {[%emt 0:01:59]} 22. Na4 {[%emt 0:07:20]} Qc7 {[%emt 0:01:51]} 23. Bb2 {[%emt 0:02:34]} Ng8 {[%emt 0:01:22]} 24. Bd4 {[%emt 0:04:13]} Nf6 {[%emt 0:02:40]} 25. Rd3 {[%emt 0:10:06]} Qf7 {[%emt 0:06:35]} 26. Rfd1 {[%emt 0:03:11]} d5 {[%emt 0:01:13]} 27. Bxf6 {[%emt 0:02:56]} Bxf6 {[%emt 0:00:08]} (27... Qxf6 $14 28. cxd5 Bxd5) 28. cxd5 {[%emt 0:00:07]} Bxd5 {[%emt 0:02:42]} 29. Bxd5 {[%emt 0:00:22]} cxd5 {[%emt 0:00:05]} 30. Nb6 {[%emt 0:00:07] Double Attack} Ra6 {[%emt 0:04:44]} 31. Nxd5 {[%emt 0:00:48]} Rae6 {[%emt 0:01:09]} (31... Rc6 $16 32. Qd2 b6) 32. Qc7 {[%emt 0:01:29]} Qf8 {[%emt 0:00:39]} 33. Qxa5 {[%emt 0:02:20]} Bd8 {[%emt 0:00:27]} 34. Qc3+ $18 {[%emt 0:02:00]} *

[Event "2nd Kalyan Dombivali 2019"]
[Site "Kalyan"]
[Date "2019.02.02"]
[Round "8"]
[White "Kadam Om Manish"]
[Black "Subramanian, R M"]
[Result "1/2-1/2"]
[WhiteElo "1944"]
[BlackElo "1780"]
[Annotator "NA RC"]
[PlyCount "80"]
[EventDate "2019.01.28"]
[EventType "swiss"]
[EventRounds "10"]
[EventCountry "IND"]
[SourceTitle "playchess.com"]
[Source "ChessBase"]
[SourceQuality "1"]
[TimeControl "5400+30"]

{[%evp 8,79,8,4,43,33,54,-45,-8,-17,20,14,40,31,33,28,62,56,61,50,62,46,58,48,71,59,52,38,63,56,67,39,24,20,2,8,17,0,27,25,27,26,30,20,28,22,25,14,28,0,0,32767,32767,32767,0,0,0,0,0,0,0,0,0,-35,0,0,0,0,0,0,0,0,0,0]} 1. e4 {[%emt 0:00:00]} e5 {[%emt 0:13:10]} 2. Nf3 {[%emt 0:00:27]} Nc6 {[%emt 0:00:04]} 3. g3 {[%emt 0:00:59]} Bc5 {[%emt 0:00:55]} 4. Bg2 {[%emt 0:00:40]} d6 {[%emt 0:00:07]} 5. c3 {[%emt 0:00:51]} f5 {[%emt 0:01:40]} 6. exf5 {[%emt 0:13:59]} Bxf5 {[%emt 0:04:25]} 7. Qe2 {[%emt 0:02:31]} (7. d4 $14 Bb6 8. O-O) 7... Nge7 {[%emt 0:04:17]} 8. Nh4 {[%emt 0:32:39]} O-O {[%emt 0:03:35]} 9. Nxf5 {[%emt 0:00:01]} Nxf5 {[%emt 0:04:36]} 10. O-O {[%emt 0:00:35]} a5 {[%emt 0:04:29]} 11. d3 {[%emt 0:01:55]} Qf6 {[%emt 0:02:39]} 12. Nd2 {[%emt 0:01:12]} Qg6 {[%emt 0:05:19]} 13. Nc4 {[%emt 0:07:35]} Rae8 {[%emt 0:11:36]} 14. Ne3 {[%emt 0:01:34]} (14. Be3 $5) 14... Nd8 {[%emt 0:03:00]} 15. Be4 {[%emt 0:00:53]} Bxe3 $1 {[%emt 0:03:48]} 16. fxe3 {[%emt 0:01:20]} Qe6 {[%emt 0:07:08]} 17. c4 {[%emt 0:06:46]} c6 {[%emt 0:00:50]} 18. Bd2 {[%emt 0:00:08]} b6 {[%emt 0:02:42]} 19. Qg2 {[%emt 0:00:07]} Ne7 {[%emt 0:00:26]} 20. b3 {[%emt 0:04:06]} d5 {[%emt 0:00:37]} 21. cxd5 {[%emt 0:00:23]} cxd5 {[%emt 0:00:03]} 22. Bf3 {[%emt 0:00:31]} Nf7 {[%emt 0:01:50]} 23. Bh5 {[%emt 0:05:34]} Rc8 {[%emt 0:03:45]} 24. Qe2 {[%emt 0:02:26]} Rc2 {[%emt 0:01:48]} 25. Qd1 {[%emt 0:01:36]} Qc6 {[%emt 0:03:06]} 26. Rc1 {[%emt 0:07:37]} Rxc1 {[%emt 0:00:10]} 27. Qxc1 {[%emt 0:00:05]} Qd6 {[%emt 0:02:59]} 28. Rxf7 {[%emt 0:01:36]} Rxf7 {[%emt 0:00:38]} 29. Bxf7+ {[%emt 0:00:01]} Kxf7 {[%emt 0:00:01]} 30. a3 {[%emt 0:00:09]} Nc6 {[%emt 0:04:36]} 31. b4 {[%emt 0:01:26]} axb4 {[%emt 0:00:35]} 32. axb4 {[%emt 0:00:09]} b5 {[%emt 0:00:17]} ({Don't go for} 32... Nxb4 $2 33. Qa3 $18) 33. Qa1 {[%emt 0:01:43]} Qg6 {[%emt 0:01:43]} 34. Qc3 {[%emt 0:01:51]} Qg4 {[%emt 0:01:05]} 35. Qc1 {[%emt 0:01:28]} Qe2 {[%emt 0:02:21]} 36. Qxc6 {[%emt 0:01:09]} Qd1+ {[%emt 0:00:21]} 37. Kf2 {[%emt 0:00:08]} Qxd2+ {[%emt 0:00:06] Double Attack} 38. Kf3 {[%emt 0:00:20]} Qd1+ {[%emt 0:02:21]} 39. Kf2 {[%emt 0:00:04]} Qd2+ {[%emt 0:02:00]} 40. Kf3 $11 {[%emt 0:00:02]} Qd1+ {[%emt 0:01:40] Ke4} 1/2-1/2

[Event "2nd Kalyan Dombivali 2019"]
[Site "Kalyan"]
[Date "2019.02.02"]
[Round "8"]
[White "Nehete Akshay S"]
[Black "Kathmale, Sameer"]
[Result "0-1"]
[WhiteElo "1788"]
[BlackElo "2312"]
[Annotator "TA"]
[PlyCount "46"]
[EventDate "2019.01.28"]
[EventType "swiss"]
[EventRounds "10"]
[EventCountry "IND"]
[SourceTitle "playchess.com"]
[Source "ChessBase"]
[SourceQuality "1"]

{[%evp 13,46,18,18,17,34,6,2,0,0,-131,-122,-91,-82,-232,-241,-243,-244,-240,-247,-243,-237,-326,-343,-353,-345,-345,-341,-378,-350,-417,-433,-416,-439,-435,-432]} 1. d4 Nf6 2. c4 g6 3. Nc3 Bg7 4. e4 d6 5. Be2 O-O 6. Bg5 Na6 7. f4 c6 8. Qd2 {E73: King's Indian: Averbakh Variation without 6...c5} Be6 $146 ({Predecessor:} 8... Nc7 9. Bf3 Ne6 10. Bh4 c5 11. dxc5 Nxc5 12. Rd1 Qa5 13. Nge2 Be6 14. b3 Rfe8 15. O-O Rad8 {½-½ (40) Khismatullin,D (2679)-Mamedov,R (2652) Khanty-Mansiysk 2014}) 9. b3 d5 10. Bxf6 {The position is equal.} exf6 11. Rd1 (11. exd5 $11 {keeps the balance.} cxd5 12. cxd5 Bxd5 13. Nxd5 Qxd5 14. Nf3) 11... dxe4 $1 $17 12. Nxe4 Re8 $36 {[%mdl 2048] Black is in control.} 13. Nf3 {[#]} (13. Nc3 $17 {was called for.}) 13... Bg4 $1 $19 14. Ng3 {[#]} Bxf3 $1 15. gxf3 f5 16. O-O Qh4 17. Kg2 Bh6 18. Rfe1 Bxf4 19. Qb2 Qg5 20. Bf1 h5 21. Kh1 Rxe1 22. Rxe1 Bxg3 23. hxg3 Qxg3 {[%mdl 64] Double Attack. Accuracy: White = 15%, Black = 77%.} 0-1

[Event "2nd Kalyan Dombivali 2019"]
[Site "Kalyan"]
[Date "2019.02.02"]
[Round "8"]
[White "Shreyas Ghadi"]
[Black "Kumar, Gaurav"]
[Result "0-1"]
[WhiteElo "1653"]
[BlackElo "2128"]
[Annotator "TA"]
[PlyCount "94"]
[EventDate "2019.01.28"]
[EventType "swiss"]
[EventRounds "10"]
[EventCountry "IND"]
[SourceTitle "playchess.com"]
[Source "ChessBase"]
[SourceQuality "1"]

{[%evp 10,93,2,-8,-7,-7,0,-37,38,29,54,49,39,0,22,-20,-21,-28,-37,-50,-37,-42,-4,-45,-45,-41,-36,-72,-55,-134,-105,-95,-78,-75,-78,-94,-112,-277,-253,-269,-246,-231,-174,-231,-259,-483,-491,-822,-793,-938,-917,-1757,-1670,-29985,-29987,-29992,-29991,-29993,-29978,-6383,-6479,-5704,-5506,-2616,-1414,-1395,-1395,-29973,-7041,-29992,-29993,-29993,-29993,-29993,-29994,-29994,-29993,-29995,-29995,-29995,-29996,-29997,-29997,-29998,-29999,-29999]} 1. d4 Nf6 2. c4 e6 3. Nc3 (3. Nf3 b6 4. Nc3 Bb4 5. a3 Bxc3+ {0-1 (72) Hayrapetyan,H (2426)-Sjugirov,S (2664) St Petersburg 2014}) 3... Bb4 4. a3 Bxc3+ 5. bxc3 b6 $146 ({Predecessor:} 5... Nc6 6. e3 b6 7. Bd3 Ba6 8. e4 e5 9. Nf3 {½-½ (73) Csulits,A-Handel,H Gera 1962}) 6. Nf3 Ba6 {E21: Nimzo-Indian: 4 Nf3} (6... Bb7 7. Bg5 h6 8. Bh4 g5 9. Bg3 Ne4 10. Qc2 d6 11. Nd2 Nxg3 12. hxg3 Nd7 13. e4 Qe7 14. a4 a5 {0-1 (72) Hayrapetyan,H (2426)-Sjugirov,S (2664) St Petersburg 2014}) 7. e3 Nc6 8. Bd3 Qe7 (8... Na5 $1 $15) 9. e4 $14 e5 10. O-O O-O 11. Qe2 ({Predecessor:} 11. Bg5 h6 12. Bh4 d6 13. d5 Na5 {½-½ (73) Csulits,A-Handel,H Gera 1962}) 11... Rfe8 12. d5 Na5 13. Ra2 d6 14. Bg5 h6 15. Bh4 Bc8 16. Ne1 g5 17. Bg3 Nd7 18. Qh5 Kg7 $36 {[%mdl 2048] White is under pressure.} 19. h4 (19. Qd1 $15) 19... Nf6 20. Qe2 Bg4 21. f3 Bd7 22. hxg5 hxg5 23. Bf2 $2 {[#]} (23. Bh2 $17) 23... Nh5 $1 $19 24. g3 Rh8 25. Ng2 Bh3 26. Rb1 (26. Qd1 $142) 26... Rh6 27. Ne3 $2 {[#]} (27. Rf1) 27... Nf4 $1 {[%cal Rf4e2][%mdl 512]} 28. gxf4 (28. Qd1 $142 Rah8 29. Rbb2 (29. gxf4 $2 gxf4 30. Bg3 Qg5 $19 {[%mdl 64] Pin})) 28... gxf4 29. Ng4 Qg5 30. Qd1 Rah8 {Threatens to win with ...Bxg4.} 31. Bf1 Bxg4 32. fxg4 Rh1+ 33. Kg2 f3+ {[%mdl 64] Decoy} 34. Kxf3 Qf4+ 35. Ke2 Qxe4+ {[%mdl 64] Double Attack} 36. Kd2 Nxc4+ 37. Kc1 Qf4+ 38. Rd2 Nxd2 39. Qxd2 Rxf1+ {[%mdl 64] Double Attack. Black mates.} 40. Kc2 Rxf2 41. Qxf2 Qxf2+ 42. Kb3 Qc5 43. Rd1 Rh2 {[%cal Rc5b5]} 44. a4 b5 45. axb5 Qxb5+ 46. Ka3 Rb2 {[%csl Gb2][%cal Rb5b3]} 47. Rb1 Qb3# {Accuracy: White = 22%, Black = 65%.} 0-1

[Event "2nd Kalyan Dombivali 2019"]
[Site "Kalyan"]
[Date "2019.02.02"]
[Round "8"]
[White "Chhabra Aakash"]
[Black "Ahmed, Feroz"]
[Result "0-1"]
[WhiteElo "1619"]
[BlackElo "1919"]
[Annotator "NA RC"]
[PlyCount "94"]
[EventDate "2019.01.28"]
[EventType "swiss"]
[EventRounds "10"]
[EventCountry "IND"]
[SourceTitle "playchess.com"]
[Source "ChessBase"]
[SourceQuality "1"]
[TimeControl "5400+30"]

{[%evp 9,94,9,33,0,35,31,50,43,79,54,63,37,49,32,32767,39,65,47,62,20,63,0,0,-15,-16,32767,-56,-70,-73,-83,-76,-131,-118,-265,-264,-271,-265,-266,-288,-277,-294,-292,-299,-323,-257,32767,-224,-336,-233,-239,-235,-261,-261,-355,-328,-356,-313,-374,-402,-408,-317,-301,-316,-375,-226,-178,-173,-247,-172,-166,-167,-152,-189,-222,-214,-192,-230,-208,-180,-226,-231,-269,-223,-292,-252,-618,-686]} 1. d4 {[%emt 0:00:00]} c5 {[%emt 0:00:00]} 2. e3 {[%emt 0:00:00]} Nf6 {[%emt 0:01:08]} 3. Nf3 {[%emt 0:00:00]} g6 {[%emt 0:00:51]} 4. c4 {[%emt 0:00:36]} Bg7 {[%emt 0:00:38]} 5. Nc3 {[%emt 0:00:21]} O-O {[%emt 0:00:19]} 6. Be2 {[%emt 0:00:14]} d6 {[%emt 0:10:49]} 7. O-O {[%emt 0:00:09]} Na6 {[%emt 0:04:06]} 8. b3 {[%emt 0:02:12]} Qa5 {[%emt 0:03:22]} (8... e5 $11 {remains equal.}) 9. Bb2 {[%emt 0:02:02]} Bd7 {[%emt 0:03:01]} 10. Rc1 {[%emt 0:02:24]} Nc7 {[%emt 0:01:54]} 11. Bd3 {[%emt 0:04:46]} a6 {[%emt 0:01:03]} 12. dxc5 {[%emt 0:01:59]} dxc5 {[%emt 0:06:07]} 13. Qe2 {[%emt 0:03:41]} b5 {[%emt 0:02:11]} 14. Ne4 {[%emt 0:05:57]} b4 {[%emt 0:02:23]} 15. Nxf6+ {[%emt 0:00:46]} exf6 {[%emt 0:00:40]} 16. Bb1 {[%emt 0:01:17]} Bc6 {[%emt 0:02:15]} 17. Rfd1 {[%emt 0:01:39]} Ne6 {[%emt 0:01:53]} 18. Rd6 {[%emt 0:03:00]} Qc7 {[%emt 0:00:17]} 19. Rcd1 {[%emt 0:02:52]} Rfe8 {[%emt 0:00:57]} 20. R1d2 {[%emt 0:04:51]} (20. R6d2 $142) 20... Bf8 {[%emt 0:06:15]} 21. R6d3 {[%emt 0:03:53] [#]} (21. R6d5 $17) 21... Nf4 $1 {[%emt 0:01:07] Double Attack, Pin, Trapped Piece} 22. exf4 {[%emt 0:00:52]} Rxe2 23. Rxe2 {[%emt 0:00:06]} Qxf4 {[%emt 0:00:53]} 24. Ne1 {[%emt 0:01:45]} Bg7 {[%emt 0:03:09]} 25. g3 {[%emt 0:01:31]} Qc7 {[%emt 0:01:51]} 26. Ng2 {[%emt 0:01:51]} Bxg2 {[%emt 0:01:11]} 27. Kxg2 {[%emt 0:00:23]} h5 {[%emt 0:06:04]} 28. Rde3 {[%emt 0:03:25]} (28. Bc1 $142) 28... Ra7 {[%emt 0:02:32]} 29. Re8+ {[%emt 0:01:40]} Kh7 {[%emt 0:00:13]} 30. Bc1 {[%emt 0:01:50] [#]} f5 $1 {[%emt 0:00:35]} 31. Bf4 {[%emt 0:02:43]} Qc6+ {[%emt 0:00:14]} 32. f3 {[%emt 0:00:46]} Bf6 {[%emt 0:03:44]} 33. h3 {[%emt 0:02:19]} Kg7 {[%emt 0:00:23]} 34. h4 {[%emt 0:02:33]} a5 {[%emt 0:01:28]} 35. Bc2 {[%emt 0:01:39]} Qd7 {[%emt 0:02:34]} 36. Be3 {[%emt 0:02:41]} Kh7 {[%emt 0:02:22]} ({Less strong is} 36... Qxe8 {[#]} 37. Bh6+ $1 {[%mdl 576] Discovered Attack} Kxh6 38. Rxe8 $17) 37. Bxc5 {[%emt 0:01:03]} Ra6 {[%emt 0:00:21]} 38. Bf2 {[%emt 0:01:40]} Re6 {[%emt 0:00:50]} 39. R8xe6 {[%emt 0:00:08]} fxe6 {[%emt 0:00:07]} 40. Be3 {[%emt 0:00:18]} Bc3 {[%emt 0:00:29]} 41. Bf2 {[%emt 0:01:51]} Qc6 {[%emt 0:02:39]} 42. Bd3 {[%emt 0:02:18]} Qd6 {[%emt 0:00:51]} 43. Bc2 {[%emt 0:01:08]} Kg7 {[%emt 0:00:37]} 44. Kf1 {[%emt 0:01:39]} Kf6 {[%emt 0:02:44]} 45. Kg2 {[%emt 0:01:50]} e5 {[%emt 0:00:47]} 46. Kf1 {[%emt 0:01:18] [#]} (46. Be3 $142) 46... a4 $1 {[%emt 0:01:05]} 47. bxa4 $19 {[%emt 0:00:29]} (47. Kg2 axb3 48. axb3) 47... Qc6 {[%emt 0:00:20] Double Attack} 0-1

[Event "2nd Kalyan Dombivali 2019"]
[Site "Kalyan"]
[Date "2019.02.02"]
[Round "8"]
[White "Akshit Jha"]
[Black "Rajveer Pinkesh Nahar"]
[Result "1-0"]
[WhiteElo "1604"]
[BlackElo "1389"]
[Annotator "NA RC"]
[PlyCount "55"]
[EventDate "2019.01.28"]
[EventType "swiss"]
[EventRounds "10"]
[EventCountry "IND"]
[SourceTitle "playchess.com"]
[Source "ChessBase"]
[SourceQuality "1"]
[TimeControl "5400+30"]

1. e4 {[%emt 0:01:01]} e5 {[%emt 0:03:23]} 2. Nf3 {[%emt 0:00:08]} Nc6 {[%emt 0:00:06]} 3. Bc4 {[%emt 0:00:06]} Nf6 {[%emt 0:00:12]} 4. d3 {[%emt 0:00:07]} Bc5 {[%emt 0:00:06]} 5. c3 {[%emt 0:00:06]} d6 {[%emt 0:00:23]} 6. Bb3 {[%emt 0:00:04]} a6 {[%emt 0:00:04]} 7. h3 {[%emt 0:00:12]} Ba7 {[%emt 0:00:33]} 8. Nbd2 {[%emt 0:00:04]} O-O {[%emt 0:00:13]} 9. Nf1 {[%emt 0:00:05]} d5 {[%emt 0:00:17]} 10. Qe2 {[%emt 0:00:05]} Be6 {[%emt 0:00:30]} 11. Bg5 {[%emt 0:01:21]} dxe4 {[%emt 0:01:04]} 12. dxe4 {[%emt 0:00:06]} Bxb3 {[%emt 0:00:12]} 13. axb3 {[%emt 0:00:04]} Qe7 {[%emt 0:01:37]} 14. Ng3 {[%emt 0:00:34]} Qe6 {[%emt 0:01:05]} 15. b4 {[%emt 0:00:15]} h6 {[%emt 0:00:18]} 16. Be3 {[%emt 0:02:22]} Bxe3 {[%emt 0:02:07]} 17. fxe3 {[%emt 0:02:25]} Rfe8 {[%emt 0:01:13]} 18. Nh4 {[%emt 0:01:10]} a5 {[%emt 0:00:42]} 19. b5 {[%emt 0:01:09]} Nd8 {[%emt 0:01:33]} 20. O-O {[%emt 0:01:34]} b6 {[%emt 0:04:15]} 21. Nhf5 {[%emt 0:04:06]} Nb7 {[%emt 0:00:27]} 22. Rf2 {[%emt 0:02:07]} Nc5 {[%emt 0:00:13]} 23. Raf1 Ncxe4 {[%emt 0:13:03]} 24. Nxe4 {[%emt 0:00:37]} Nxe4 {[%emt 0:00:15]} 25. Qg4 {[%emt 0:00:06]} g6 {[%emt 0:06:39]} 26. Nxh6+ {[%emt 0:00:31]} Kh7 {[%emt 0:09:06]} 27. Rxf7+ {[%emt 0:00:16]} Kxh6 {[%emt 0:00:39]} 28. Qh4# {[%emt 0:00:06]} 1-0